| 000 | 00433nam a22001697a 4500 | ||
|---|---|---|---|
| 999 |
_c488916 _d488916 |
||
| 003 | NUST | ||
| 005 | 20191016121109.0 | ||
| 008 | 191016b ||||| |||| 00| 0 eng d | ||
| 038 | _aMSOHAIL | ||
| 082 | _a297.09 KHA | ||
| 100 |
_aMuhammad Qasim Farishta _924119 |
||
| 245 | _aTareekh farishta (part 3, 4) | ||
| 260 |
_aLahore _bAl mizan _c2013 |
||
| 300 |
_a682p. : _e25 cm |
||
| 650 |
_aIslamic history _924120 |
||
| 942 |
_cBK _2ddc |
||